000 00472nam a2200181Ia 4500
005 20250508152029.0
008 008 250505s9999 xx 000 0 eng d
037 _aTextual
040 _aFEDL
_beng
_cFEDL
041 _aeng
_2eng
084 _a912, GEO
_qFEDL
245 0 _aAtlas of London and outer suburbs
245 0 _cGeographia
260 _aLondon, UK
_bGeographia Ltd.
300 _a252p
942 _cTEXL
_h912, GEO
999 _c1333757
_d1333757